000 00758nam a2200205Ii 4500
003 JO-AjNU
008 230605s9999||||xx |||||||||||||| ||und||
040 _aJO-AjNU
_bara
_erda
_cJO-AjNU
041 _aara
050 1 4 _aBF431.H2912.2009
100 3 _aهاينز،مايكل ؛ ترجمة: عبد الرحمن الطيب,
_eauthor
_921802
245 0 0 _aالقوى العقلية الحواس الخمس
250 _aط1
264 3 1 _aعمان:الاهلية للنشر والتوزيع 2009
300 _a320ص
336 _atext
_btxt
_2rdacontent
337 _aunmediated
_bn
_2rdamedia
338 _avolume
_bnc
_2rdacarrier
650 4 _aالقدرات العقلية-القدرات-علم النفس-التفكير-الذكاء-الحواس
_921803
999 _aA7636
_c11204
_d11204